| 000 | 00410nam a22001697a 4500 | ||
|---|---|---|---|
| 003 | NUST - PNEC | ||
| 005 | 20170116181059.0 | ||
| 008 | 151002b xxu||||| |||| 00| 0 eng d | ||
| 020 | _a- | ||
| 040 | _cLIBRARY | ||
| 082 | _a923.5 KOL | ||
| 100 |
_912223 _aI. Kolyshkin |
||
| 245 |
_aSubmarines in arctic waters _cI. Kolyshkin |
||
| 260 | _cc.1966 | ||
| 650 |
_912226 _aMemoirs _xBiography |
||
| 942 |
_2ddc _cBK |
||
| 999 |
_c68665 _d68665 |
||